000
00192 a2200097 4500
020
_a
9780061929380
041
_a
eng
100
_a
Crichton, michael
245
_a
Pirate latitudes
942
_c
BK
999
_c
11187
_d
11187